000 00371nam a22001337a 4500
008 240924b |||||||| |||| 00| 0 eng d
020 _a81-203-0978-2
100 _aP K Gosh & P K Sridhar
245 _aIntroduction to Micro Processors for Engineers & Scientists 2nd Ed
260 _aDelhi
_bPrentice Hall
_c1995
300 _a318
650 _aBB-CSE
942 _2ddc
_cBK
999 _c20913
_d20913